• 首页
  • 本馆介绍
  • 公告通知
  • 最新文献
  • 馆藏检索
  • 电子资源
  • 读者导购
  • 参考咨询
  • 我的图书馆
  • 登录
  • 详细信息显示
  • 放入我的书架
  • 预约/预借图书
  • 作者相关作品
  • 分类相关作品
  • 丛书相关作品
  • 出版社相关作品

书目信息

  • 表格格式
  • 工作单格式
  • 卡片格式
题名:
语用学
    
 
作者: Levinson 著 ;何兆熊 导读
分册:  
出版信息: 北京   外语教学与研究出版社  2001
页数: 39, 429页
开本: 23cm
丛书名: 当代国外语言学与应用语言学文库
单 册:
中图分类: H030 , H0
科图分类:
主题词: 语用学 , 语用学--英文 , 语言学
电子资源:
ISBN: 7-5600-2460-2
000 01103oam2 2200325 450
001 07079000341
005 20070728081057.51
010    @a7-5600-2460-2@dCNY38.90
100    @a20020423e20062002kemy0chiy0110 ea
101 0  @aeng
102    @aCN@b110000
105    @ay z 001yy
200 1  @a语用学@Ayu yong xue@dPragmatics@e[英文版]@f(英) Stephen C.Levinson著@g何兆熊导读@zeng
210    @a北京@c外语教学与研究出版社@d2001@h2006
215    @a39, 429页@d23cm
225 2  @a当代国外语言学与应用语言学文库
305    @a据剑桥大学出版社1983年版译出
306    @a本书由剑桥大学出版授权外语教学与研究出版社出版
330    @a本书介绍了英美学者所进行语用学研究中一些最重要的题目,以及这些课题研究的背景,内容包括语用学的研究范围,指示,会话含义,语言行为等。
461  0 @12001 @a当代国外语言学与应用语言学文库
510 1  @aPragmatics@zeng
606 0  @a语用学
606 0  @a语用学@j英文
606 0  @a语言学
690    @aH030@v4
690    @aH0@v3
701  1 @aLevinson@bStephen C.@4著
702  0 @a何兆熊@Ahe zhao xiong@4导读
801  0 @aCN@bTAOJIN@c20070728
905    @a10447@dH0@e171
    
    语用学=Pragmatics:[英文版]/(英) Stephen C.Levinson著/何兆熊导读.-北京:外语教学与研究出版社,2001(2006)
    39, 429页;23cm.-(当代国外语言学与应用语言学文库)
    
    
    ISBN 7-5600-2460-2:CNY38.90
    本书介绍了英美学者所进行语用学研究中一些最重要的题目,以及这些课题研究的背景,内容包括语用学的研究范围,指示,会话含义,语言行为等。
●
相关链接 在E读中查询图书 在五车中查询图书 在当当中查询图书 在豆瓣中查询图书


正题名:语用学     索取号:H0/171         预约/预借

序号 登录号 条形码 馆藏地/架位号 状态 备注
1 0822051   208220511   第四借阅区/ [索取号:H0/171] 在馆    
唐山师范学院图书馆 欢迎您!
大连网信软件有限公司© 版权所有